Řízení a financování vysokého školství. 1. Velká Británie.

Vo V. Británii dva hlavné typy vysokých škôl - univerzity a polytechniky. Líšia sa spôsobom riadenia a predovšetkým financovania. Univerzity sú samosprávne inštitúcie, väčšinu zdrojov dostávajú nepriamo z centrálnych vládnych zdrojov. Polytechniky a ďalšie vysoké školy sú vyňaté z právomoci miestnyc...

Full description

Saved in:
Bibliographic Details
Main Author: Stránský, J.
Format: Book Chapter
Language:Czech
Subjects:
Tags: Add Tag
No Tags, Be the first to tag this record!

MARC

LEADER 00000naa a2200000 4500
001 r010562
005 20220831090454.0
041 0 |a cze 
044 |a [CS] 
245 1 0 |a Řízení a financování vysokého školství. 1.  |b Velká Británie.  |c J. Stránský 
520 |a Vo V. Británii dva hlavné typy vysokých škôl - univerzity a polytechniky. Líšia sa spôsobom riadenia a predovšetkým financovania. Univerzity sú samosprávne inštitúcie, väčšinu zdrojov dostávajú nepriamo z centrálnych vládnych zdrojov. Polytechniky a ďalšie vysoké školy sú vyňaté z právomoci miestnych úradov, ich činnosť je plánovaná a financovaná prostredníctvom Rady pre financovanie. Charakteristika inštitúcií pre financovanie vysokých škôl. 
610 2 0 |a školy vysoké 
610 2 0 |a riadenie 
610 2 0 |a financovanie 
610 2 0 |a Veľká Británia 
610 2 0 |a univerzity 
100 1 |a Stránský, J.